Canciones .mp3 - Estadísticas

Estadísticas generales
  • Esta prueba ha sido intentada 11 veces
  • La puntuación promedio es 6 de 13
Estadísticas de respuestas
Hint Respuesta % Correcto
7 Exclusive
64%
5 La Original
64%
6 GTA
55%
2 Jagger
55%
8 No Se Ve
55%
11 Ojitos Verdes
55%
13 Guerrero
45%
4 IConic
45%
10 Muñecos
45%
9 24 Hs
36%
12 A 1000 Km
36%
1 Facts
36%
3 JET Set
36%
No se encontraron pruebas coincidentes
Distribución de puntuación
Porcentaje de gente con cada puntuación
Porcentaje por número respondido
Historial de tus puntuaciones
No has intentado esta prueba.